Beatles Liedjes - Sudden Death - Statistieken

Algemene statistieken
  • Deze quiz is 48 keer genomen
  • De gemiddelde score is 7 van 20
Answers on the Grid
Answers color-coded by a green-red scale on the quiz's grid according to % correct below.
All You Need Is Love
Back in the USA
Blackbird
Colonel Mustard
Come Together
Day Tripper
Dig a Donkey
Don't Let Me Down
Eleanor Rigby
Glass Potato
Help!
Helter Skelter
Here Comes The Sun
Hey Jude
I Am the Eggman
I Want To Hold Your Hand
I Won't
I'm Only Dreaming
Let It Be
Love Me Do
Oh! Honey
Paperback Writer
Penny Lane
Please Please Me
Raspberry Meadows
Revolution
Ride My Bike
Seven Days a Week
She Loves Me
Ticket to Ride
Waterloo Sunset
Yellow Submarine
Yesterday
 
Antwoordstatistieken
Antwoord % Correct
All You Need Is Love
78%
Let It Be
61%
Here Comes The Sun
56%
Hey Jude
50%
Help!
44%
Come Together
39%
Eleanor Rigby
39%
Yellow Submarine
39%
Blackbird
33%
Love Me Do
33%
Ticket to Ride
33%
I Want To Hold Your Hand
28%
Penny Lane
28%
Please Please Me
28%
Yesterday
28%
Don't Let Me Down
22%
Helter Skelter
22%
Paperback Writer
22%
Day Tripper
17%
Revolution
6%
Geen overeenkomende quizzen gevonden
Scoreverdeling
Procent van Mensen met Elke Score
Percentiel versus Aantal Correcte Antwoorden
Uw Scoregeschiedenis
U heeft deze quiz nog niet genomen